| 000 | 01889nam a2200361 a 4500 | ||
|---|---|---|---|
| 001 | 000006101 | ||
| 003 | OSt | ||
| 005 | 20260310122405.0 | ||
| 008 | 090826s1998 dr 000 0 spa d | ||
| 040 |
_aDO-SdBNP _bspa _cDO-SdBNP |
||
| 082 | 4 |
_a346.0482 _bD431p _222 |
|
| 245 | 0 | 0 |
_aDerecho de la propiedad intelectual / _cJaime Angeles ...[et. al.]. |
| 260 |
_aSanto Domingo : _bFINJUS, _c1998. |
||
| 300 |
_a126 p. ; _c23 cm. |
||
| 490 | 1 | _aSeminarios | |
| 500 | _aPonencias presentadas en el Seminario de Propiedad Intelectual, celebrado el 30 de mayo de 1998 por la FINJUS con los coauspicios de la PUCMM y ADOPI. | ||
| 505 | 0 |
_gPrólogo / _rMary Fernández -- _tPalabras de apertura del seminario / _rVíctor Villegas -- _tLos signos distintivos / _rTania Castillo -- _tLas invenciones / _rMaría Félix Troncoso -- _tLos derechos conferidos por la patente de invención / _rZaida Lugo Lovatón -- _tLos signos distintivos y las patentes en el ADPIC / _rRosa Campillo -- _tEl derecho de autor y conexos en la República Dominicana. Generalidades de la Ley 32-86 / _rPedro Féliz -- _tDelitos contra la propiedad intelectual / _rOrlando Jorge Mera -- _tEl proyecto de Ley de Propiedad Intelectual / _rJaime Angeles -- _tRelatoría y conclusiones del seminario / _rMary Fernández. |
|
| 590 | _aInventariado, 2018/LP | ||
| 650 | 7 |
_aDerechos de autor _xEnsayos, conferencias, etc. _917181 _2Lemb |
|
| 650 | 0 |
_aPatentes de invención _917182 |
|
| 700 | 1 |
_aAngeles, Jaime _917183 |
|
| 700 | 1 |
_aCampillo, Rosa _917184 |
|
| 700 | 1 |
_aCastillo, Tania _917185 |
|
| 700 | 1 |
_aFélix Troncoso, María _917186 |
|
| 700 | 1 |
_aFéliz, Pedro _917187 |
|
| 700 | 1 |
_aFernández, Mary _917188 |
|
| 700 | 1 |
_aJorge Mera, Orlando _917189 |
|
| 700 | 1 |
_aLugo Lovatón, Zaida _917190 |
|
| 700 | 1 |
_aVillegas, Víctor _97744 |
|
| 830 | 0 |
_aSeminarios _99809 |
|
| 910 | _aValidado. Control de calidad EMS | ||
| 942 |
_2ddc _cLF1 |
||
| 999 |
_c5897 _d5897 |
||